[Event "ch-ISR 2016"]
[Site "Tiberias ISR"]
[Date "2016.12.12"]
[Round "8.7"]
[White "Kobo, Ori"]
[Black "Mindlin, Alon"]
[Result "1-0"]
[WhiteTitle "IM"]
[BlackTitle "IM"]
[WhiteElo "2480"]
[BlackElo "2428"]
[WhiteFideId "2812320"]
[BlackFideId "2800071"]
[EventDate "2016.12.05"]

1. d4 Nf6 2. c4 e6 3. Nc3 d5 4. cxd5 exd5 5. Bg5 Nbd7 6. e3 Be7 7. Bd3 O-O 8.
Nge2 c6 9. Qc2 Re8 10. O-O Nf8 11. f3 g6 12. Rad1 Ne6 13. Bh4 Ng7 14. e4 Be6 15.
h3 Rc8 16. b4 a5 17. a3 axb4 18. axb4 Nd7 19. Bxe7 Qxe7 20. Rb1 Nh5 21. Qd2 Qd6
22. e5 Qe7 23. g4 Ng7 24. Ng3 Qh4 25. Qg2 f5 26. Nce2 Kh8 27. Ra1 Qh6 28. Nh1
Qe3+ 29. Nf2 Ra8 30. f4 b6 31. Qg3 Qd2 32. Rab1 Ra3 33. Kg2 fxg4 34. hxg4 c5 35.
Rfd1 Qa2 36. bxc5 bxc5 37. Rh1 c4 38. Qh4 Nf8 39. Nc1 Qd2 40. Bxg6 Qxf4 41. Bxe8
Nxe8 42. Rb7 Bg8 43. Re7 Ng7 44. Rxg7 Qf3+ 45. Kf1 Ra1 46. Qg5 Rxc1+ 47. Qxc1
Kxg7 48. Qh6+ Kh8 49. Rh3 Qf7 50. Qf6+ Qxf6 51. exf6 Ne6 52. Ra3 h6 53. Ra7 Ng5
54. Kg2 Be6 55. Re7 c3 56. Kg3 c2 57. Nd3 Kg8 58. Kf4 Bf7 59. Ra7 Ne6+ 60. Ke5
Ng5 61. Kd6 Nf3 62. Ke7 h5 63. Ra8+ Kh7 64. Kxf7 hxg4 65. Ra1 Kh6 66. Ke8 Nxd4
67. f7 Ne6 68. Ra6 1-0

[Event "ch-ISR 2016"]
[Site "Tiberias ISR"]
[Date "2016.12.12"]
[Round "8.8"]
[White "Drori, Saar"]
[Black "Steinberg, Nitzan"]
[Result "0-1"]
[WhiteTitle "FM"]
[BlackTitle "IM"]
[WhiteElo "2318"]
[BlackElo "2476"]
[WhiteFideId "2812444"]
[BlackFideId "2801795"]
[EventDate "2016.12.05"]

1. e4 c5 2. Nf3 d6 3. d4 cxd4 4. Nxd4 Nf6 5. Nc3 a6 6. h3 e6 7. g4 Nfd7 8. g5 b5
9. a3 Bb7 10. h4 Be7 11. Be3 Nc6 12. Qd2 Rc8 13. Nxc6 Rxc6 14. O-O-O O-O 15. Bd4
Ne5 16. Qe3 Qc7 17. f4 Rc8 18. Kb1 Nc4 19. Bxc4 Rxc4 20. Rhe1 b4 21. axb4 Rxb4
22. e5 d5 23. f5 Bc6 24. f6 Bf8 25. fxg7 Be7 26. h5 Be8 27. g6 fxg6 28. Qh6 Bc5
29. Bxc5 Qxc5 30. Rd3 Qe7 31. Qd2 Rcb8 32. b3 gxh5 33. Kb2 Bg6 34. Rd4 Kxg7 35.
Rf1 Rxd4 36. Qxd4 Rf8 37. Ra1 Qg5 38. Rxa6 Qf5 39. Ra7+ Kg8 40. Qd2 Qxe5 41. Ra4
Qg3 42. Qe2 Re8 43. Ra6 Qg4 44. Qd2 h4 45. Ra4 Qg3 46. Qd4 Qg2 47. Ra7 Bf5 48.
Qf6 Rf8 49. Qe5 h3 50. Ne2 h2 51. Nd4 Rc8 52. Ka3 h1=Q 53. Nxf5 Qc1+ 54. Ka4
Qg4+ 0-1

[Event "ch-ISR 2016"]
[Site "Tiberias ISR"]
[Date "2016.12.12"]
[Round "8.10"]
[White "Gamayev, Oleg"]
[Black "Gruenfeld, Yehuda"]
[Result "1/2-1/2"]
[BlackTitle "GM"]
[WhiteElo "2238"]
[BlackElo "2436"]
[WhiteFideId "2802813"]
[BlackFideId "2800020"]
[EventDate "2016.12.05"]

1. c4 Nf6 2. Nc3 e6 3. g3 d5 4. Bg2 d4 5. Ne4 Nxe4 6. Bxe4 Nd7 7. d3 Nc5 8. Bg2
a5 9. Nf3 Be7 10. b3 f6 11. Bb2 e5 12. a3 O-O 13. O-O c6 14. Qc2 g5 15. Rfe1 Bf5
16. Nd2 Qd7 17. Ne4 Ne6 18. Bc1 Bg6 19. Rb1 f5 20. Nd2 g4 21. b4 axb4 22. axb4
Ng5 23. c5 f4 24. Ne4 Nh3+ 25. Bxh3 gxh3 26. f3 Bxe4 27. dxe4 Kh8 28. Kh1 Rg8
29. Rg1 Rg6 30. Bd2 Rag8 31. Be1 Bh4 32. g4 Bxe1 33. Rbxe1 h5 34. g5 Rxg5 35.
Rxg5 Rxg5 36. Qd1 Qg7 37. Rg1 Rg2 38. Qf1 Rxg1+ 39. Qxg1 Qf6 40. Qf1 Qh4 41. Kg1
Kg7 42. Qf2 Qd8 43. Qf1 d3 44. exd3 Qd4+ 45. Kh1 Qxb4 46. Qxh3 Qe1+ 47. Kg2 Qe2+
48. Kg1 Qxd3 49. Qxh5 Qd4+ 50. Kg2 Qxc5 51. Qg5+ Kf8 52. Qf5+ Ke7 53. Qh7+ Kd6
54. Qxb7 Qb5 55. Qg7 Qe2+ 56. Kg1 Qxf3 57. Qf8+ Kc7 58. Qe7+ Kb6 59. Qb4+ Kc7
60. Qe7+ Kb6 61. Qb4+ 1/2-1/2

[Event "ch-ISR 2016"]
[Site "Tiberias ISR"]
[Date "2016.12.12"]
[Round "8.13"]
[White "Kraus, Ohad"]
[Black "Parkhov, Yair"]
[Result "1/2-1/2"]
[WhiteElo "2340"]
[BlackElo "2207"]
[WhiteFideId "2811812"]
[BlackFideId "2813408"]
[EventDate "2016.12.05"]

1. d4 e6 2. e4 d5 3. Nd2 c5 4. Ngf3 cxd4 5. Bb5+ Nc6 6. Nxd4 Bd7 7. Nxc6 bxc6 8.
Bd3 Qc7 9. Qe2 Ne7 10. Nf3 Ng6 11. O-O Bd6 12. Re1 Nf4 13. Bxf4 Bxf4 14. g3 Bd6
15. c4 O-O 16. e5 Be7 17. Qc2 g6 18. h4 dxc4 19. Be4 Rab8 20. h5 Kg7 21. Kg2 c5
22. Rh1 Bc6 23. Rae1 Qb7 24. Bxc6 Qxc6 25. Qxc4 Rb4 26. Qe2 Rfb8 27. hxg6 fxg6
28. Rd1 Re4 29. Qc2 Rf8 30. Rd7 Rf7 31. Rc7 Qd5 32. Rd7 Qc6 33. Rc7 Qd5 34. Rd7
Qc6 1/2-1/2

[Event "ch-ISR 2016"]
[Site "Tiberias ISR"]
[Date "2016.12.12"]
[Round "8.14"]
[White "Taichman, Ori"]
[Black "Gershkowich, David"]
[Result "1/2-1/2"]
[BlackTitle "FM"]
[WhiteElo "2291"]
[BlackElo "2191"]
[WhiteFideId "2804069"]
[BlackFideId "2803356"]
[EventDate "2016.12.05"]

1. e4 e5 2. d4 exd4 3. Qxd4 Nc6 4. Qe3 Bb4+ 5. Nc3 Nf6 6. Bd2 O-O 7. O-O-O Re8
8. Qg3 Rxe4 9. a3 Bd6 10. f4 Re8 11. Bd3 Bc5 12. Nf3 d6 13. f5 d5 14. Rhe1 Bd6
15. Qh3 Ne5 16. Nxe5 Bxe5 17. g4 h6 18. Bxh6 Nh7 19. Bd2 c6 20. Qg2 Qh4 21. Nxd5
cxd5 22. Bb5 Re7 23. Qxd5 Bxf5 24. gxf5 Nf6 25. Qg2 a6 26. Bd3 Rae8 27. Rg1 Nh7
28. Kb1 Qf6 29. Bc1 Qh4 30. Rdf1 Kh8 31. Rf3 Bf6 32. Rf4 Qh5 33. Rf3 Re1 34.
Rxe1 Rxe1 35. Re3 Rxc1+ 36. Kxc1 Bg5 37. Qg3 Nf6 38. Kb1 Bxe3 39. Qxe3 Qxh2 40.
Qe7 Qh1+ 41. Ka2 Qd5+ 42. b3 Qd7 43. Qe5 Kh7 44. a4 Kg8 45. a5 Ne8 46. c4 Qxd3
47. Qxe8+ Kh7 48. Qe5 Kh6 49. Ka3 Qd2 50. Qd5 Qc1+ 51. Ka4 Qa1+ 52. Kb4 Qe1+ 53.
Ka4 1/2-1/2

[Event "ch-ISR 2016"]
[Site "Tiberias ISR"]
[Date "2016.12.12"]
[Round "8.15"]
[White "Kraus, Yair"]
[Black "Lovin, Boris"]
[Result "1/2-1/2"]
[WhiteElo "2218"]
[BlackElo "2254"]
[WhiteFideId "2804786"]
[BlackFideId "2808064"]
[EventDate "2016.12.05"]

1. d4 d5 2. c4 e6 3. Nf3 Nf6 4. g3 dxc4 5. Bg2 c5 6. O-O Nc6 7. Na3 cxd4 8. Nxc4
Be7 9. Bf4 O-O 10. Nce5 Nd5 11. Nxc6 bxc6 12. Nxd4 Bb7 13. Nb3 Nxf4 14. gxf4 Qc7
15. e3 c5 16. Bxb7 Qxb7 17. Rc1 Qa6 18. Nxc5 Bxc5 19. Rxc5 Qxa2 20. Qa1 Qxa1 21.
Rxa1 Rfb8 22. Rca5 Rxb2 23. Rxa7 Rxa7 24. Rxa7 g6 25. Kg2 Kg7 26. Rc7 Ra2 27.
Rb7 Rc2 28. Ra7 Rb2 29. Rd7 Rc2 30. Rb7 Ra2 1/2-1/2

[Event "ch-ISR 2016"]
[Site "Tiberias ISR"]
[Date "2016.12.13"]
[Round "9.1"]
[White "Roiz, Michael"]
[Black "Nabaty, Tamir"]
[Result "1/2-1/2"]
[WhiteTitle "GM"]
[BlackTitle "GM"]
[WhiteElo "2608"]
[BlackElo "2649"]
[WhiteFideId "2804158"]
[BlackFideId "2809052"]
[EventDate "2016.12.05"]

1. Nf3 Nf6 2. c4 e6 3. Nc3 d5 4. d4 c5 5. cxd5 Nxd5 6. e4 Nxc3 7. bxc3 cxd4 8.
cxd4 Bb4+ 9. Bd2 Bxd2+ 10. Qxd2 O-O 11. Bc4 b6 12. O-O Bb7 13. Rfe1 Nc6 14. Rad1
Rc8 15. d5 exd5 16. Bxd5 Qc7 17. Qg5 h6 18. Qg4 Rfd8 19. g3 Ne7 20. Bxb7 Qxb7
21. e5 Rxd1 22. Rxd1 Qa6 23. e6 Qxa2 24. exf7+ Qxf7 25. Rd7 Rf8 26. Rxa7 Qxf3
27. Qxf3 Rxf3 28. Rxe7 Kh7 29. Kg2 Rb3 30. h4 h5 31. Re6 1/2-1/2

[Event "ch-ISR 2016"]
[Site "Tiberias ISR"]
[Date "2016.12.13"]
[Round "9.2"]
[White "Baron, Tal"]
[Black "Golod, Vitali"]
[Result "1/2-1/2"]
[WhiteTitle "GM"]
[BlackTitle "GM"]
[WhiteElo "2536"]
[BlackElo "2549"]
[WhiteFideId "2809958"]
[BlackFideId "2804140"]
[EventDate "2016.12.05"]

1. d4 d5 2. c4 e6 3. Nc3 Nf6 4. cxd5 exd5 5. Bg5 c6 6. Qc2 Be7 7. e3 Nbd7 8. Bd3
Nf8 9. Nge2 Bg4 10. Ng3 Nh5 11. Bxe7 Qxe7 12. Nxh5 Bxh5 13. O-O Bg6 14. Rab1 a5
15. Rbe1 Bxd3 16. Qxd3 Ne6 17. f4 g6 18. f5 gxf5 19. Qxf5 Ng7 20. Qf3 f5 21. e4
dxe4 22. Nxe4 O-O 23. Nc3 Qd6 24. d5 Rae8 25. dxc6 bxc6 26. Rxe8 Rxe8 27. Rd1
Qb4 28. Qf2 f4 29. Rf1 Rf8 30. Qe2 Re8 31. Qd2 Rf8 32. b3 Ne6 33. Qe2 Nd4 34.
Qg4+ Kh8 35. Ne2 Qc5 36. Nxd4 Qxd4+ 37. Kh1 a4 38. bxa4 Qxa4 39. Qe6 Qb5 40. Rd1
f3 41. gxf3 Qf5 42. Qxf5 Rxf5 43. Kg2 Ra5 44. Rd2 Kg7 45. Kf2 Kf6 46. Ke3 Ke5
47. f4+ Kf5 48. Rf2 Ra4 49. Kd3 h5 50. Kc3 c5 51. Kb3 Rb4+ 52. Kc2 Ra4 53. Kc3
h4 54. Kb3 Rb4+ 55. Kc3 Ra4 56. Kb3 Rb4+ 57. Kc3 1/2-1/2

[Event "ch-ISR 2016"]
[Site "Tiberias ISR"]
[Date "2016.12.13"]
[Round "9.3"]
[White "Boruchovsky, Avital"]
[Black "Mikhalevski, Victor"]
[Result "1-0"]
[WhiteTitle "GM"]
[BlackTitle "GM"]
[WhiteElo "2530"]
[BlackElo "2503"]
[WhiteFideId "2800055"]
[BlackFideId "2801914"]
[EventDate "2016.12.05"]

1. e4 e5 2. Nf3 Nc6 3. Bb5 a6 4. Ba4 Nf6 5. O-O Be7 6. Re1 b5 7. Bb3 O-O 8. c3
d5 9. exd5 Nxd5 10. Nxe5 Nxe5 11. Rxe5 c6 12. d4 Bd6 13. Re1 Qh4 14. g3 Qh3 15.
Re4 g5 16. Qf1 Qxf1+ 17. Kxf1 Bh3+ 18. Kg1 f5 19. Re1 Rae8 20. Bd2 Rxe1+ 21.
Bxe1 Kh8 22. Nd2 g4 23. a4 Nb6 24. axb5 axb5 25. c4 Be7 26. c5 Na4 27. Nc4 bxc4
28. Bxa4 Ra8 29. Bc3 Bf6 30. Ra3 Rc8 31. Bc2 Rd8 32. Ra1 Rd5 33. Rd1 h5 34. Bb1
h4 35. Ba2 hxg3 36. hxg3 f4 37. Bxc4 Rd8 38. Be6 fxg3 39. fxg3 Bg5 40. d5+ Kh7
41. Bf5+ Kg8 42. d6 Rf8 43. Bd2 Bf6 44. d7 Be7 45. Be4 Bxc5+ 46. Kh1 Be7 47. Ba5
Rf2 48. d8=Q+ Bxd8 49. Rxd8+ Kf7 50. Rd2 Rf1+ 51. Kh2 c5 52. Bb6 Rc1 53. Rc2
Rxc2+ 54. Bxc2 c4 55. Bd1 Ke6 56. Be2 Kd5 57. Ba7 1-0

[Event "ch-ISR 2016"]
[Site "Tiberias ISR"]
[Date "2016.12.13"]
[Round "9.4"]
[White "Reshef, Omer"]
[Black "Kobo, Ori"]
[Result "1-0"]
[WhiteTitle "IM"]
[BlackTitle "IM"]
[WhiteElo "2435"]
[BlackElo "2480"]
[WhiteFideId "2804336"]
[BlackFideId "2812320"]
[EventDate "2016.12.05"]

1. e4 c5 2. Nf3 Nc6 3. d4 cxd4 4. Nxd4 Nf6 5. Nc3 e5 6. Ndb5 d6 7. Bg5 a6 8. Na3
b5 9. Nd5 Be7 10. Bxf6 Bxf6 11. c4 b4 12. Nc2 Rb8 13. b3 O-O 14. g3 Be6 15. Bg2
Bg5 16. O-O g6 17. f4 exf4 18. gxf4 Bh6 19. f5 Bxd5 20. exd5 Ne5 21. Qe1 Qg5 22.
Qg3 Rfe8 23. Rad1 a5 24. Qxg5 Bxg5 25. Bh3 Bd8 26. Kg2 g5 27. Kh1 Bb6 28. f6 Ng6
29. Rfe1 Bf2 30. Rf1 Re2 31. Bf5 Nf4 32. Nd4 Bxd4 33. Rxd4 Rbe8 34. h4 Re1 35.
Rxe1 Rxe1+ 36. Kh2 Re2+ 37. Kg3 Nh5+ 38. Kf3 Re5 39. hxg5 Nxf6 40. gxf6 Rxf5+
41. Rf4 Re5 42. Re4 Rf5+ 43. Ke3 Rxf6 44. c5 dxc5 45. Kd3 Kg7 46. Kc4 Rd6 47.
Kxc5 Rd8 48. d6 f5 49. Re7+ Kf6 50. Rxh7 f4 51. Kd5 Kg6 52. Re7 Kf6 53. Re1 Kf5
54. Kc6 Rc8+ 55. Kb7 Rh8 56. d7 f3 57. Kc7 Kf4 58. d8=Q Rxd8 59. Kxd8 1-0

[Event "ch-ISR 2016"]
[Site "Tiberias ISR"]
[Date "2016.12.13"]
[Round "9.5"]
[White "Steinberg, Nitzan"]
[Black "Soffer, Ram"]
[Result "1-0"]
[WhiteTitle "IM"]
[BlackTitle "GM"]
[WhiteElo "2476"]
[BlackElo "2488"]
[WhiteFideId "2801795"]
[BlackFideId "2800101"]
[EventDate "2016.12.05"]

1. e4 e5 2. Nf3 Nc6 3. Bb5 a6 4. Ba4 Nf6 5. O-O b5 6. Bb3 Bc5 7. Nc3 O-O 8. d3
d6 9. Nd5 Nxd5 10. Bxd5 Bd7 11. c3 Rb8 12. b4 Bb6 13. Be3 Ne7 14. Bb3 Ng6 15. d4
a5 16. a3 h6 17. Qd3 Re8 18. Nd2 Qf6 19. dxe5 Nxe5 20. Qe2 Ng6 21. Bxb6 Rxb6 22.
Qe3 Qf4 23. Rae1 Ra6 24. g3 Qxe3 25. Rxe3 axb4 26. axb4 c5 27. f4 Bc6 28. Rfe1
c4 29. Bd1 Ra1 30. Kf2 Ra2 31. R1e2 Nf8 32. Nf3 Rea8 33. Nd4 Bd7 34. e5 dxe5 35.
Rxe5 Ra1 36. Rd2 Rb8 37. Bf3 Ra3 38. Re3 Rb6 39. Ne2 Raa6 40. Re5 Rd6 41. Rxd6
Rxd6 42. Nd4 Rb6 43. Ke3 Ng6 44. Rd5 Nf8 45. Re5 Ng6 46. Rc5 Ne7 47. Rc7 Rd6 48.
Be4 f5 49. Bf3 Kf7 50. Rb7 Kf6 51. h3 Nd5+ 52. Bxd5 Rxd5 53. Rb6+ Ke7 54. Rb8
Rd6 55. Kf3 Kf7 56. g4 fxg4+ 57. hxg4 Ra6 58. Rb7 Ke8 59. Rb8+ Kf7 60. Nxb5 Bxb5
61. Rb7+ Kg6 62. Rxb5 Ra3 63. Ke4 Rxc3 64. Rc5 Rc1 65. Kd4 Rg1 66. Rxc4 Rxg4 67.
Kc5 h5 68. b5 h4 69. b6 h3 70. b7 h2 71. b8=Q h1=Q 72. f5+ 1-0

[Event "ch-ISR 2016"]
[Site "Tiberias ISR"]
[Date "2016.12.13"]
[Round "9.6"]
[White "Shachar, Ehud"]
[Black "Postny, Evgeny"]
[Result "1/2-1/2"]
[WhiteTitle "FM"]
[BlackTitle "GM"]
[WhiteElo "2356"]
[BlackElo "2620"]
[WhiteFideId "2802198"]
[BlackFideId "2804344"]
[EventDate "2016.12.05"]

1. e4 e5 2. Nf3 Nc6 3. Bb5 a6 4. Ba4 Nf6 5. O-O Be7 6. Re1 b5 7. Bb3 d6 8. c3
O-O 9. d4 Bg4 10. d5 Na5 11. Bc2 c6 12. h3 Bc8 13. dxc6 Qc7 14. Nbd2 Qxc6 15.
Nf1 Be6 16. Ng3 Rac8 17. a4 b4 18. cxb4 Qxc2 19. bxa5 Qxd1 20. Rxd1 Rb8 21. Bg5
Rxb2 22. Bxf6 gxf6 23. Nh4 Rc8 24. Nhf5 Kf8 25. Rac1 Rc5 26. Rb1 Rxb1 27. Rxb1
Bd8 28. Nxd6 Bc7 29. Ndf5 Ke8 30. Nh5 Bxf5 31. Ng7+ Kd7 32. Nxf5 Rxa5 33. Rb4
Rc5 34. Ne3 Kc6 35. g4 Rc1+ 36. Kg2 Bd6 37. Rb3 Bc5 38. a5 Ra1 39. Nd5 f5 40.
Nb4+ Bxb4 41. Rxb4 Rxa5 42. exf5 Rb5 43. Ra4 a5 44. g5 e4 45. Rxe4 Rxf5 46. f4
f6 47. h4 fxg5 48. hxg5 Rf7 49. Kf3 Ra7 50. Ra4 Kb5 51. Ra1 a4 52. f5 a3 53. g6
hxg6 54. fxg6 Kb4 55. Kf4 Kb3 56. Kf5 a2 57. Kf6 Kb2 58. Rxa2+ Kxa2 59. g7 Rxg7
60. Kxg7 1/2-1/2

[Event "ch-ISR 2016"]
[Site "Tiberias ISR"]
[Date "2016.12.13"]
[Round "9.7"]
[White "Dvoirys, Semen I."]
[Black "Givon, Asaf"]
[Result "1-0"]
[WhiteTitle "GM"]
[BlackTitle "IM"]
[WhiteElo "2534"]
[BlackElo "2471"]
[WhiteFideId "4100379"]
[BlackFideId "2801841"]
[EventDate "2016.12.05"]

1. e4 c5 2. Nf3 e6 3. d4 cxd4 4. Nxd4 Nc6 5. Nc3 Qc7 6. Be3 a6 7. Bd3 b5 8. Nxc6
Qxc6 9. Bd4 Bb7 10. Qf3 Nf6 11. a3 Qc7 12. O-O Bd6 13. h3 Be5 14. Bxe5 Qxe5 15.
Qe3 d6 16. Kh1 Qc5 17. Qg3 O-O 18. Rae1 e5 19. Qh4 Rae8 20. Re3 Re6 21. Rg3 Kh8
22. Nd5 Nxd5 23. exd5 Rh6 24. Qe7 Qc8 25. Bf5 Qa8 26. Be4 Rf6 27. Rd1 Re8 28.
Qc7 Rc8 29. Qb6 Rf4 30. Rg4 Rxe4 31. Rxe4 Bxd5 32. Rg4 Bf3 33. Rxd6 Bxg4 34.
hxg4 h6 35. c3 Qe4 36. Qxa6 Rc4 37. Qxb5 Qe1+ 38. Kh2 Rxg4 39. Qe8+ Kh7 40. Qxf7
Qe4 41. g3 Rg5 42. Rd8 Rf5 43. Qg8+ Kg6 44. Rd6+ Kh5 45. Qe8+ Kg4 46. Qg6+ Kf3
47. Rd2 h5 48. a4 h4 49. a5 Qc4 1-0

[Event "ch-ISR 2016"]
[Site "Tiberias ISR"]
[Date "2016.12.13"]
[Round "9.8"]
[White "Zanan, Evgeny"]
[Black "Bakalchuk, Johnatan"]
[Result "0-1"]
[WhiteTitle "FM"]
[BlackTitle "FM"]
[WhiteElo "2434"]
[BlackElo "2389"]
[WhiteFideId "24101940"]
[BlackFideId "2810301"]
[EventDate "2016.12.05"]

1. d4 Nf6 2. c4 g6 3. Nc3 Bg7 4. e4 d6 5. Be2 O-O 6. Nf3 Nbd7 7. O-O e5 8. d5
Nc5 9. Qc2 a5 10. Bg5 h6 11. Be3 b6 12. Nd2 Bg4 13. Rae1 Bxe2 14. Rxe2 Ng4 15.
Bxc5 bxc5 16. Nb5 h5 17. Nf3 f5 18. h3 Nh6 19. exf5 Nxf5 20. Qe4 g5 21. Nd2 Rf7
22. g3 Qf6 23. Qd3 Bh6 24. Qf3 Qg6 25. Qe4 g4 26. Rfe1 Bxd2 27. Rxd2 gxh3 28.
Kh2 Qg5 29. Rc2 Raf8 30. Kxh3 Nh6 31. Kg2 Ng4 32. Ree2 h4 33. f4 exf4 34. gxf4
Rxf4 35. Qe6+ Kh8 0-1

[Event "ch-ISR 2016"]
[Site "Tiberias ISR"]
[Date "2016.12.13"]
[Round "9.9"]
[White "Mindlin, Alon"]
[Black "Birnboim, Nathan"]
[Result "1/2-1/2"]
[WhiteTitle "IM"]
[BlackTitle "IM"]
[WhiteElo "2428"]
[BlackElo "2365"]
[WhiteFideId "2800071"]
[BlackFideId "2800209"]
[EventDate "2016.12.05"]

1. d4 Nf6 2. c4 e6 3. Nc3 Bb4 4. e3 c5 5. Bd3 d6 6. Ne2 Nbd7 7. O-O O-O 8. Qc2
h6 9. a3 Ba5 10. Ng3 Bb6 11. dxc5 Nxc5 12. Be2 a5 13. Rd1 a4 14. Nge4 Nfxe4 15.
Nxe4 Nb3 16. Rb1 Bc7 17. Bd2 f5 18. Nc3 Ba5 19. Be1 Nc5 20. Nxa4 Bxe1 21. Nxc5
Bxf2+ 22. Kxf2 Qh4+ 23. Kg1 dxc5 24. Qc3 Qf6 25. Qxf6 gxf6 26. Bh5 Ra6 27. Rd3
e5 28. Rbd1 Be6 29. Rb3 Rb8 30. Rb5 b6 31. Be2 Kf8 32. Rb3 Ke7 33. Rbd3 Ra4 34.
Rd6 Ra7 35. Kf2 Rd7 36. Rxd7+ Bxd7 37. Rd3 Be6 38. Rd2 Ra8 39. Kg3 Rg8+ 40. Kf2
Ra8 41. Kg3 Rg8+ 42. Kf2 Ra8 1/2-1/2

[Event "ch-ISR 2016"]
[Site "Tiberias ISR"]
[Date "2016.12.13"]
[Round "9.10"]
[White "Gershkowich, David"]
[Black "Kraus, Ohad"]
[Result "0-1"]
[WhiteTitle "FM"]
[WhiteElo "2191"]
[BlackElo "2340"]
[WhiteFideId "2803356"]
[BlackFideId "2811812"]
[EventDate "2016.12.05"]

1. e4 c5 2. Nf3 d6 3. d4 cxd4 4. Nxd4 Nf6 5. Nc3 a6 6. a3 e5 7. Nf3 Be7 8. Bc4
O-O 9. O-O Be6 10. Qe2 Qc7 11. Bxe6 fxe6 12. Ng5 Qc8 13. f4 exf4 14. Bxf4 h6 15.
Nh3 Nbd7 16. Rad1 Ne5 17. Kh1 Nc4 18. Bc1 Nxa3 19. Bxh6 gxh6 20. Qd2 Nc4 21.
Qxh6 Nh7 22. Nf4 Rf6 23. Qh3 Ne5 24. Nh5 Rh6 25. Qg3+ Rg6 26. Qf2 Kh8 27. Nf4
Rf6 28. Qd2 Qc4 29. b3 Qc6 30. Qe3 Raf8 31. Nce2 Qc8 32. Ng3 Ng4 33. Qf3 Rxf4
34. Qxf4 Rxf4 35. Rxf4 e5 36. Rf7 Qe6 37. Rdf1 Ngf6 0-1

[Event "ch-ISR 2016"]
[Site "Tiberias ISR"]
[Date "2016.12.13"]
[Round "9.11"]
[White "Gamayev, Oleg"]
[Black "Drori, Saar"]
[Result "0-1"]
[BlackTitle "FM"]
[WhiteElo "2238"]
[BlackElo "2318"]
[WhiteFideId "2802813"]
[BlackFideId "2812444"]
[EventDate "2016.12.05"]

1. c4 c5 2. Nc3 g6 3. g3 Bg7 4. Bg2 Nc6 5. Nf3 e6 6. O-O Nge7 7. d3 O-O 8. Be3
b6 9. Qc1 d5 10. Bh6 d4 11. Bxg7 Kxg7 12. Nb1 f6 13. Nbd2 e5 14. a3 a5 15. Ne1
Bg4 16. Ndf3 Qd7 17. Nc2 a4 18. Rb1 Na5 19. Na1 Qe6 20. Re1 Bh3 21. b3 Bxg2 22.
Kxg2 axb3 23. Nxb3 Nb7 24. Nbd2 Ra6 25. Rb3 Nd6 26. Qb1 Rb8 27. Qc2 Nc6 28. Reb1
e4 29. Ne1 e3 30. Nf1 exf2 31. Kxf2 Ne5 32. Kg1 Ng4 33. Qd2 g5 34. Nc2 Nf5 35.
Re1 Re8 36. e4 dxe3 37. Qg2 e2 38. Qb7+ Re7 39. Qxa6 Nh4 40. gxh4 exf1=Q+ 41.
Kxf1 Qf5+ 42. Kg2 Qf2+ 0-1

[Event "ch-ISR 2016"]
[Site "Tiberias ISR"]
[Date "2016.12.13"]
[Round "9.12"]
[White "Parkhov, Yair"]
[Black "Chernomordik, Pavel"]
[Result "1/2-1/2"]
[BlackTitle "FM"]
[WhiteElo "2207"]
[BlackElo "2254"]
[WhiteFideId "2813408"]
[BlackFideId "2804530"]
[EventDate "2016.12.05"]

1. b3 e5 2. Bb2 Nc6 3. e3 Nge7 4. Nf3 d6 5. d4 exd4 6. Nxd4 Nxd4 7. exd4 d5 8.
Bd3 Ng6 9. O-O Be7 10. f4 Bf6 11. Nd2 Ne7 12. f5 c5 13. Qh5 O-O 14. Rae1 Nc6 15.
Nf3 Nb4 16. Ba3 Qa5 17. Bxb4 Qxb4 18. dxc5 Qxc5+ 19. Kh1 Bd7 20. Ne5 Qd6 21. Ng4
Rfe8 22. c4 Rxe1 23. Rxe1 Re8 24. Rxe8+ Bxe8 25. cxd5 Qxd5 26. Nxf6+ gxf6 27.
Qg4+ Kf8 28. Qb4+ Kg7 29. Qg4+ Kf8 30. Qb4+ Kg7 31. Qg4+ 1/2-1/2

[Event "ch-ISR 2016"]
[Site "Tiberias ISR"]
[Date "2016.12.13"]
[Round "9.13"]
[White "Gruenfeld, Yehuda"]
[Black "Frenkel, Ran"]
[Result "1-0"]
[WhiteTitle "GM"]
[WhiteElo "2436"]
[BlackElo "2201"]
[WhiteFideId "2800020"]
[BlackFideId "2815974"]
[EventDate "2016.12.05"]

1. e4 e5 2. Nf3 Nc6 3. Nc3 Nf6 4. Bb5 Bb4 5. d3 d6 6. O-O O-O 7. Bg5 Bxc3 8.
bxc3 Qe7 9. Re1 Nd8 10. d4 Ne6 11. Bc1 c6 12. Bf1 Rd8 13. g3 Nf8 14. Bg2 Ng6 15.
a4 Bg4 16. h3 Bxf3 17. Qxf3 Nd7 18. h4 h6 19. Bh3 Qf6 20. Qd3 exd4 21. cxd4 Nc5
22. Qd1 Ne6 23. c3 c5 24. Be3 b6 25. Bg2 Rab8 26. f4 Ne7 27. f5 Nf8 28. Qg4 Rbc8
29. Bg5 1-0

[Event "ch-ISR 2016"]
[Site "Tiberias ISR"]
[Date "2016.12.13"]
[Round "9.14"]
[White "Aharon, Ofir"]
[Black "Kraus, Yair"]
[Result "1-0"]
[WhiteTitle "FM"]
[WhiteElo "2339"]
[BlackElo "2218"]
[WhiteFideId "2800683"]
[BlackFideId "2804786"]
[EventDate "2016.12.05"]

1. e4 c5 2. Nf3 d6 3. d4 cxd4 4. Nxd4 Nf6 5. Nc3 a6 6. Be3 e6 7. f3 b5 8. Qd2
Nbd7 9. g4 Nb6 10. g5 Nfd7 11. h4 b4 12. Nd1 d5 13. Nf2 Ne5 14. b3 Bc5 15. O-O-O
Bb7 16. f4 Ned7 17. e5 g6 18. h5 Rf8 19. hxg6 hxg6 20. Bd3 Bxd4 21. Bxd4 a5 22.
Ng4 Qc7 23. Rh7 O-O-O 24. Qe3 Na8 25. Nh6 1-0

[Event "ch-ISR 2016"]
[Site "Tiberias ISR"]
[Date "2016.12.13"]
[Round "9.15"]
[White "Lovin, Boris"]
[Black "Taichman, Ori"]
[Result "1/2-1/2"]
[WhiteElo "2254"]
[BlackElo "2291"]
[WhiteFideId "2808064"]
[BlackFideId "2804069"]
[EventDate "2016.12.05"]

1. d4 Nf6 2. Nf3 g6 3. c4 Bg7 4. Nc3 O-O 5. e4 d6 6. Be3 e5 7. dxe5 dxe5 8. Qxd8
Rxd8 9. Nd5 Nxd5 10. cxd5 c6 11. Bc4 h6 12. O-O-O Re8 13. Kb1 a6 14. Rd2 Bg4 15.
Ne1 c5 16. a4 b6 17. b4 cxb4 18. Bxb6 Rc8 19. Bb3 Nd7 20. Be3 Nc5 21. Bxc5 Rxc5
22. Rc2 Rac8 23. f3 Bd7 24. Rxc5 Rxc5 25. Nc2 Bf8 26. Rc1 Rc3 27. Na1 Rxc1+ 28.
Kxc1 a5 29. Kd2 Bc5 30. Nc2 Bc8 31. Bc4 Bd7 32. Bb3 Kf8 33. Kd3 Ke7 34. Kc4 Kd6
35. Ne1 Be3 36. Nd3 f5 37. Bc2 fxe4 38. fxe4 Bb6 39. Ne1 Bc7 40. Nf3 Bc8 41. Kb5
Bd7+ 42. Kc4 Bd8 43. Bd1 Bf6 44. Bc2 Kc7 45. Kb3 Bc8 46. Nd2 Ba6 47. Nc4 Bxc4+ 1/2-1/2